GETS Theological Seminary Library

Narrative art, political rhetoric : (Record no. 33915)

MARC details
000 -LEADER
fixed length control field 00663nam a2200193Ia 4500
008 - FIXED-LENGTH DATA ELEMENTS--GENERAL INFORMATION
fixed length control field 201221s9999||||xx |||||||||||||| ||und||
020 ## - INTERNATIONAL STANDARD BOOK NUMBER
International Standard Book Number 1850755779
020 ## - INTERNATIONAL STANDARD BOOK NUMBER
International Standard Book Number 9781850755777
041 ## - LANGUAGE CODE
Language code of text/sound track or separate title eng
050 ## - LIBRARY OF CONGRESS CALL NUMBER
Classification number BS1335.2
Item number .D88 1996
100 ## - MAIN ENTRY--PERSONAL NAME
Personal name Dutcher-Walls, Patricia
245 #0 - TITLE STATEMENT
Title Narrative art, political rhetoric :
Remainder of title the case of Athaliah and Joash /
Statement of responsibility, etc. Patricia Dutcher-Walls
260 ## - PUBLICATION, DISTRIBUTION, ETC.
Place of publication, distribution, etc. Sheffield, England :
Name of publisher, distributor, etc. Sheffield Academic Press,
Date of publication, distribution, etc. 1996
300 ## - PHYSICAL DESCRIPTION
Extent 198 p.
Other physical details ;
Dimensions 24 cm.
490 ## - SERIES STATEMENT
Series statement Journal for the study of the Old Testament. Supplement series
Volume/sequential designation 209
650 ## - SUBJECT ADDED ENTRY--TOPICAL TERM
Topical term or geographic name entry element Athaliah, Queen of Judah.
650 ## - SUBJECT ADDED ENTRY--TOPICAL TERM
Topical term or geographic name entry element Joash, King of Judah.
Holdings
Withdrawn status Lost status Damaged status Not for loan Home library Current library Shelving location Date acquired Total Checkouts Full call number Barcode Date last seen Price effective from Koha item type
        GETS Theological Seminary Library GETS Theological Seminary Library General Stacks 12/21/2020   BS1335.2 .D88 1996 00021761 12/21/2020 12/21/2020 English Books
OpacCredits

Contact the Librarian, GETS Library
Email: library@mygets.org









Implemented by GETS Library
(Powered by ETCA Professional Group)
GETS Theological Seminary
412 E. Rowland Street, CA 91723